Statistiken für Ist__ein Land? #2

Klicken Sie hier um das Quiz zu spielen!

Allgemein

  • Dieses Quiz wurde 395 mal gespielt
    (371 seit der letzten Aktualisierung)
  • Das Durchschnittsergebnis liegt bei 14 aus 15

Antwortstatistiken

FrageAntwort% Korrekt
ist deutschland ein landJawohl
99%
Sind die Vereinigten Staaten von Amerika ein Land?Jawohl
99%
Ist Europa ein Land?nein
98%
Ist Wterflyhighyea ein Land?nein
97%
Ist Monaco ein Land?Jawohl
96%
Ist Yukon ein Land?nein
96%
Ist Samoa ein Land?Jawohl
94%
Ist Alaska ein Land?nein
94%
Ist Victoria ein Land?nein
94%
Ist Tonga ein Land?Jawohl
91%
Ist St. Lucia ein Land?Jawohl
89%
Ist Komoren ein Land?Jawohl
87%
Ist die Antarktis ein Land?nein
87%
Ist Vanuatu ein Land?Jawohl
84%
Ist St. Martin ein Land?nein
79%

Verteilung der Resultate

Perzentil nach korrekt beantworteten Fragen

Anzahl Personen mit jedem Resultat

Ihre Resultats-Entwicklung

Sie haben dieses Quiz seit der letzten Aktualisierung nicht gespielt